Deporte y medicina: guía médica práctica del deportista
Đã lưu trong:
| Tác giả chính: | |
|---|---|
| Định dạng: | Sách |
| Ngôn ngữ: | Tiếng Tây Ban Nha |
| Được phát hành: |
Buenos Aires, Argentina
Lidiun
1987
|
| Loạt: | Colección Deportes
|
| Những chủ đề: | |
| Các nhãn: |
Thêm thẻ
Không có thẻ, Là người đầu tiên thẻ bản ghi này!
|
MARC
| LEADER | 00000nam a2200000 a 4500 | ||
|---|---|---|---|
| 001 | UCW4771 | ||
| 003 | CL-VaPUC | ||
| 005 | 20210513134931.0 | ||
| 008 | 900806e19870000AG |||||||||||||||||spa|d | ||
| 999 | |c 218393 |d 218391 | ||
| 040 | |c Pontificia Universidad Católica de Valparaíso | ||
| 082 | 0 | 4 | |a 617.1027 SPE 1987 |2 21 |
| 100 | 0 | |a Sperryn, Peter N |e autor |9 309566 | |
| 245 | 1 | 0 | |a Deporte y medicina: guía médica práctica del deportista |
| 260 | 0 | 3 | |a Buenos Aires, Argentina |b Lidiun |c 1987 |
| 300 | |a 333 páginas | ||
| 490 | 0 | |a Colección Deportes | |
| 583 | |a last modification |c 19900806 00:00:00 |k Rodrigo Vera | ||
| 650 | 0 | |a Medicina deportiva |9 307562 | |
| 650 | 7 | |a Deportes |2 CL-VaPUC |9 307561 |z Aspectos fisiológicos | |
| 650 | 0 | |a Accidentes deportivos |9 309567 | |
| 942 | |c BK |2 ddc | ||
| 945 | |d 19900806 00:00:00 | ||
| 952 | |0 0 |1 0 |2 ddc |4 0 |6 617_102700000000000_SPE_1987 |7 0 |8 P |9 207888 |a BIBEDU |b BIBEDU |c BIBEDU_PB |d 2019-11-15 |i 2757362 |o 617.1027 SPE 1987 |p 2757362 |r 2024-01-25 |t 1 |w 2019-11-15 |y BK |k EDU | ||